Score 0/20 Timer 04:00
1 Play Today
Vehicle/Transportation Cartoon Character % Correct
BatmobileBatman
97.9%
Mystery MachineScooby-Doo
94.2%
Stone car (foot powered)Fred Flintstone
88.2%
Flying (sans kryptonite)Superman
86.5%
Jungle VinesGeorge of the Jungle
83.1%
The GadgetmobileInspector Gadget
79.5%
Spacely company car (flying)George Jetson
74.1%
WebslingingSpider-Man
68.3%
Acme rocket skates/rocket sled/rocket pack...Wile E. Coyote
64.8%
Turtle van (aka the Party Wagon)Teenage Mutant Ninja Turtles
61.6%
Vehicle/Transportation Cartoon Character % Correct
Bike (can't pass Mrs. Puff's boating school)SpongeBob SquarePants
60.5%
Invisible airplaneWonder Woman
55.2%
Max-pulled sleighThe Grinch
54.2%
USS EnterpriseStar Trek crew
53.4%
EctomobileGhostbusters
43%
The Mach 5Speed Racer
35.4%
Planet Express ShipFuturama Crew
31.3%
The Ranger PlaneChip & Dale
19.8%
Scoop, Muck & DizzyBob the Builder
17.7%
The Mean Machine 00Dick Dastardly and Muttley
9.9%
Remove Ads.
Support Sporcle.
Get the best of Sporcle when you Go Orange. This ad-free experience offers more features, more stats, and more fun while also helping to support Sporcle. Thank you for becoming a member.

You're not logged in!

Compare scores with friends on all Sporcle quizzes.
OR
Log In

Sporcle TV

Today on Sporcle TV


Watch our educational content, quiz creation guides, and fun videos on Sporcle TV.

Show Comments

Extras

Top Quizzes Today


Score Distribution

Paid Content

Your Account Isn't Verified!

In order to create a playlist on Sporcle, you need to verify the email address you used during registration. Go to your Sporcle Settings to finish the process.

Report this User

Report this user for behavior that violates our Community Guidelines.

Details: